000 01450cam a2200421 4500
003 PE-LiUPU
005 20250731173446.0
020 _a8471517280
035 _a(Sirsi) i9788471517289
035 _a(Sirsi) 16125
035 _a(Sirsi) 16125
041 _aes
044 _aes
082 0 4 _a200
_bJ 1991
100 1 _aAguirre Monasterio, R.
245 _aPedro en la Iglesia Primitiva /
_cR. Aguirre Monasterio.
264 1 _aNavarra, España :
_bEditorial El Verbo Divino,
_c1991
300 _a263 páginas ;
_c24 cm.
490 0 _aInstitución San Jerónimo
_v23
505 0 _aLa figura de Pedro en el Evangelio de Marcos -- La figura de Pedro en la doble obra lucana -- Pedro en el Corpus paulino -- La tradición petrina en las Cartas de Pedro -- La tradición petrina en la tradición judeocristiana.
526 _aSEG42
526 _aSEG41
526 _aSEG40
526 _aSEG39
526 _aP94
526 _aP87
526 _aP86
526 _aP85
526 _aP77
526 _aP76
526 _aP35
600 _aPedro, Apóstol
942 _2ddc
_cBOOK
949 _a200 J 1991
_i33875
_lCCODEBUL1
_mBUL
_tLIBRO
_o.STAFF. Circulación
859 _q33875
_h200
_iJ 1991
596 _a1
999 _a200 J 1991
_wDEWEY
_c57075
_i33875
_f2021-11-9
_g5
_lCCODEBUL1
_mBUL
_r0
_sY
_tBOOK
_u2015-6-16
_xTEOLOGIA
_zUNKNOWN
_0COMPRA
_o.STAFF. Colección General
_d57075
980 _81
_gALBERTO SANCHEZ Responsable de Automatización